Statistics for Every The Game Song on the Billboard Hot 100

Click here to take the quiz!

General Stats

  • This quiz has been taken 6 times
  • The average score is 8 of 16

Answer Stats

#YearSong% Correct
812013Celebration ft. Chris Brown, Tyga, Wiz Khalifa & Lil Wayne
80%
42005How We Do ft. 50 Cent
80%
1002011Martians Vs Goblins ft. Lil Wayne & Tyler, The Creator
80%
622011Red Nation ft. Lil Wayne
80%
822015100 ft. Drake
60%
792016All Eyez ft. Jeremih
60%
22005Hate It Or Love It ft. 50 Cent
60%
212008My Life ft. Lil Wayne
60%
642007Wouldn't Get Far ft. Kanye West
60%
752008Game's Pain ft. Keyshia Cole
40%
712006It's Okay (One Blood) ft. Junior Reid
40%
462006Let's Ride
40%
652005Playa's Only (R. Kelly)
40%
932004Westside Story ft. 50 Cent
40%
322005Dreams
20%
752005MJB Da MVP (Mary J. Blige) ft. 50 Cent
0%

Score Distribution

Percentile by Number Answered

Percent of People with Each Score

Your Score History

You have not taken this quiz